[Event "European Individual Chess Championship 2017"]
[Site "?"]
[Date "2017.06.08"]
[Round "9.32"]
[White "Zhigalko, Andrey"]
[Black "Grandelius, Nils"]
[Result "1-0"]
[BlackElo "2665"]
[WhiteElo "2566"]
[LiveChessVersion "1.4.8"]

1. e4 {[%clk 1:30:58]} c5 {[%clk 1:30:37]} 2. Nf3 {[%clk 1:31:23]} e6
{[%clk 1:30:50]} 3. d4 {[%clk 1:31:41]} cxd4 {[%clk 1:31:10]} 4. Nxd4
{[%clk 1:32:07]} a6 {[%clk 1:31:29]} 5. Nc3 {[%clk 1:32:06]} d6 {[%clk 1:31:25]}
6. Be3 {[%clk 1:31:14]} b5 {[%clk 1:30:55]} 7. Qd2 {[%clk 1:31:14]} Bb7
{[%clk 1:30:29]} 8. f3 {[%clk 1:30:52]} Ne7 {[%clk 1:28:32]} 9. a4
{[%clk 1:29:49]} b4 {[%clk 1:24:48]} 10. Na2 {[%clk 1:29:39]} d5 {[%clk 1:22:26]}
11. Nxb4 {[%clk 1:27:39]} dxe4 {[%clk 1:09:42]} 12. fxe4 {[%clk 1:27:49]} Ng6
{[%clk 0:50:38]} 13. O-O-O {[%clk 1:19:46]} Be7 {[%clk 0:49:13]} 14. Qc3
{[%clk 1:00:02]} Qa5 {[%clk 0:48:28]} 15. Nd5 {[%clk 0:57:06]} Qxc3
{[%clk 0:48:48]} 16. Nxc3 {[%clk 0:57:29]} Bb4 {[%clk 0:42:58]} 17. Na2
{[%clk 0:52:03]} Be7 {[%clk 0:43:16]} 18. Bd3 {[%clk 0:44:27]} Nd7
{[%clk 0:42:25]} 19. Nb3 {[%clk 0:42:31]} Nf6 {[%clk 0:40:29]} 20. Nc3
{[%clk 0:39:28]} O-O {[%clk 0:32:02]} 21. Bc5 {[%clk 0:33:25]} Rfc8
{[%clk 0:29:47]} 22. Bxe7 {[%clk 0:33:19]} Nxe7 {[%clk 0:30:14]} 23. Na5
{[%clk 0:27:02]} Bc6 {[%clk 0:29:47]} 24. Rhe1 {[%clk 0:23:09]} Ng4
{[%clk 0:25:41]} 25. Nc4 {[%clk 0:18:23]} Rab8 {[%clk 0:23:49]} 26. Nd6
{[%clk 0:16:45]} Rd8 {[%clk 0:22:51]} 27. Bxa6 {[%clk 0:16:19]} Nxh2
{[%clk 0:23:09]} 28. Be2 {[%clk 0:15:14]} h5 {[%clk 0:20:07]} 29. Bxh5
{[%clk 0:14:52]} g6 {[%clk 0:20:16]} 30. Be2 {[%clk 0:13:55]} Kg7
{[%clk 0:20:33]} 31. b3 {[%clk 0:13:48]} Rh8 {[%clk 0:20:22]} 32. Kb2
{[%clk 0:13:45]} g5 {[%clk 0:20:38]} 33. a5 {[%clk 0:11:42]} Ng6 {[%clk 0:20:10]}
34. Bb5 {[%clk 0:11:18]} Ba8 {[%clk 0:20:19]} 35. Na4 {[%clk 0:08:38]} Ng4
{[%clk 0:20:15]} 36. Nb6 {[%clk 0:08:32]} N6e5 {[%clk 0:20:29]} 37. Nxa8
{[%clk 0:07:23]} Rxa8 {[%clk 0:20:46]} 38. a6 {[%clk 0:07:12]} Rhd8
{[%clk 0:20:04]} 39. b4 {[%clk 0:03:38]} Nf2 {[%clk 0:13:57]} 40. Rd4
{[%clk 0:32:05]} g4 {[%clk 0:41:15]} 41. Kb3 {[%clk 0:30:33]} Kf8
{[%clk 0:37:05]} 42. c4 {[%clk 0:22:16]} Ned3 {[%clk 0:35:17]} 43. Re3
{[%clk 0:19:59]} Nf4 {[%clk 0:34:24]} 44. e5 {[%clk 0:13:50]} Nxg2
{[%clk 0:33:47]} 45. Rg3 {[%clk 0:14:06]} Nh4 {[%clk 0:30:24]} 46. Rf4
{[%clk 0:12:28]} Rxd6 {[%clk 0:30:06]} 47. exd6 {[%clk 0:12:20]} Nf5
{[%clk 0:30:31]} 48. Rg2 {[%clk 0:11:14]} g3 {[%clk 0:30:53]} 49. c5
{[%clk 0:11:20]} Nh3 {[%clk 0:30:52]} 50. Rxf5 {[%clk 0:11:22]} exf5
{[%clk 0:31:17]} 51. Rxg3 {[%clk 0:11:42]} 1-0

[Event "European Individual Chess Championship 2017"]
[Site "?"]
[Date "2017.06.08"]
[Round "9.33"]
[White "Michalik, Peter"]
[Black "Zvjaginsev, Vadim"]
[Result "1/2-1/2"]
[BlackElo "2661"]
[WhiteElo "2558"]
[LiveChessVersion "1.4.8"]

1. e4 {[%clk 1:30:57]} c5 {[%clk 1:30:48]} 2. Nf3 {[%clk 1:31:20]} Nc6
{[%clk 1:31:14]} 3. Bb5 {[%clk 1:31:31]} g6 {[%clk 1:31:25]} 4. Bxc6
{[%clk 1:31:51]} bxc6 {[%clk 1:31:40]} 5. O-O {[%clk 1:32:09]} Bg7
{[%clk 1:31:09]} 6. Re1 {[%clk 1:32:30]} e5 {[%clk 1:30:17]} 7. c3
{[%clk 1:31:59]} Ne7 {[%clk 1:30:26]} 8. d4 {[%clk 1:32:21]} cxd4
{[%clk 1:30:40]} 9. cxd4 {[%clk 1:32:43]} exd4 {[%clk 1:31:05]} 10. Nxd4
{[%clk 1:33:04]} O-O {[%clk 1:31:26]} 11. Nc3 {[%clk 1:33:14]} Rb8
{[%clk 1:31:50]} 12. Nb3 {[%clk 1:29:11]} d5 {[%clk 1:29:48]} 13. Be3
{[%clk 1:16:05]} Rb7 {[%clk 1:29:58]} 14. Bd4 {[%clk 1:14:15]} dxe4
{[%clk 1:29:00]} 15. Bxg7 {[%clk 1:13:45]} Qxd1 {[%clk 1:27:28]} 16. Raxd1
{[%clk 1:13:44]} Kxg7 {[%clk 1:27:52]} 17. Rxe4 {[%clk 1:13:25]} Be6
{[%clk 1:17:58]} 18. Rde1 {[%clk 1:04:24]} Nd5 {[%clk 1:10:32]} 19. Na4
{[%clk 1:03:01]} Nf6 {[%clk 0:56:23]} 20. Nbc5 {[%clk 0:59:10]} Nxe4
{[%clk 0:56:48]} 21. Nxb7 {[%clk 0:59:34]} Rb8 {[%clk 0:56:57]} 22. Rxe4
{[%clk 0:57:40]} Rxb7 {[%clk 0:55:29]} 23. b3 {[%clk 0:57:32]} Rd7
{[%clk 0:54:30]} 24. f3 {[%clk 0:55:54]} Bf5 {[%clk 0:37:20]} 25. Re2
{[%clk 0:54:37]} Rd5 {[%clk 0:34:16]} 26. Kf2 {[%clk 0:53:42]} h5
{[%clk 0:33:32]} 27. h4 {[%clk 0:53:01]} 1/2-1/2

[Event "European Individual Chess Championship 2017"]
[Site "?"]
[Date "2017.06.08"]
[Round "9.34"]
[White "Boruchovsky, Avital"]
[Black "Berkes, Ferenc"]
[Result "0-1"]
[BlackElo "2654"]
[WhiteElo "2557"]
[LiveChessVersion "1.4.8"]

1. e4 {[%clk 1:30:53]} d6 {[%clk 1:30:57]} 2. d4 {[%clk 1:31:16]} Nf6
{[%clk 1:31:23]} 3. Bd3 {[%clk 1:31:40]} e5 {[%clk 1:31:47]} 4. c3
{[%clk 1:32:05]} Nc6 {[%clk 1:32:13]} 5. d5 {[%clk 1:31:13]} Ne7 {[%clk 1:32:37]}
6. Bg5 {[%clk 1:25:58]} c6 {[%clk 1:18:47]} 7. Bxf6 {[%clk 1:20:00]} gxf6
{[%clk 1:17:35]} 8. Na3 {[%clk 1:15:20]} f5 {[%clk 1:11:45]} 9. Nc4
{[%clk 1:06:23]} Bg7 {[%clk 1:05:16]} 10. exf5 {[%clk 1:02:48]} Nxd5
{[%clk 0:58:34]} 11. Ne2 {[%clk 1:00:24]} Nf6 {[%clk 0:48:19]} 12. Bc2
{[%clk 0:59:16]} Ke7 {[%clk 0:44:26]} 13. Qd2 {[%clk 0:52:51]} b5
{[%clk 0:43:54]} 14. Ne3 {[%clk 0:53:19]} h5 {[%clk 0:44:13]} 15. f4
{[%clk 0:53:07]} Bb7 {[%clk 0:43:00]} 16. O-O-O {[%clk 0:48:27]} Qc7
{[%clk 0:43:09]} 17. c4 {[%clk 0:46:33]} a6 {[%clk 0:34:23]} 18. c5
{[%clk 0:42:24]} d5 {[%clk 0:34:20]} 19. fxe5 Qxe5 {[%clk 0:34:43]} 20. Nd4
{[%clk 0:39:13]} Kf8 {[%clk 0:34:02]} 21. Rhe1 {[%clk 0:32:43]} Qxh2
{[%clk 0:30:25]} 22. Kb1 {[%clk 0:32:39]} Re8 {[%clk 0:30:15]} 23. Qa5
{[%clk 0:31:15]} Qb8 {[%clk 0:29:04]} 24. Re2 {[%clk 0:26:31]} h4
{[%clk 0:28:40]} 25. Rf1 {[%clk 0:17:39]} h3 {[%clk 0:25:45]} 26. gxh3
{[%clk 0:17:59]} Rxh3 {[%clk 0:26:09]} 27. Qd2 {[%clk 0:18:24]} Qg3
{[%clk 0:19:58]} 28. Ne6+ {[%clk 0:18:37]} fxe6 {[%clk 0:20:21]} 29. fxe6
{[%clk 0:19:02]} Qg5 {[%clk 0:19:46]} 30. Qe1 {[%clk 0:18:40]} Rxe6
{[%clk 0:08:14]} 31. Nf5 {[%clk 0:19:00]} Rxe2 {[%clk 0:08:38]} 32. Qxe2
{[%clk 0:19:24]} Ne4 {[%clk 0:08:55]} 33. Bxe4 {[%clk 0:14:10]} dxe4
{[%clk 0:09:16]} 34. Qxe4 {[%clk 0:13:55]} Rh2 {[%clk 0:04:41]} 35. Nxg7+
{[%clk 0:01:17]} Kxg7 {[%clk 0:05:07]} 36. Qd4+ {[%clk 0:01:45]} Kg8
{[%clk 0:05:31]} 37. Rg1 {[%clk 0:02:11]} Rg2 {[%clk 0:05:56]} 38. Rh1
{[%clk 0:02:39]} Qf5+ {[%clk 0:04:00]} 39. Ka1 {[%clk 0:03:08]} Kf7
{[%clk 0:03:56]} 40. Qd6 {[%clk 0:30:47]} Bc8 {[%clk 0:32:28]} 41. Qxc6
{[%clk 0:27:53]} Rf2 {[%clk 0:31:35]} 42. Qc7+ {[%clk 0:27:59]} Bd7
{[%clk 0:31:33]} 43. a4 {[%clk 0:26:40]} Rf1+ {[%clk 0:26:59]} 44. Rxf1
{[%clk 0:27:04]} Qxf1+ {[%clk 0:27:24]} 45. Ka2 {[%clk 0:27:31]} Qc4+
{[%clk 0:27:35]} 46. Kb1 {[%clk 0:26:38]} Qd5 {[%clk 0:25:36]} 47. Kc1
{[%clk 0:26:00]} Ke6 {[%clk 0:25:28]} 48. b4 {[%clk 0:25:37]} Kf5
{[%clk 0:22:19]} 49. Qd8 {[%clk 0:25:24]} Bc6 {[%clk 0:20:55]} 50. Qf8+
{[%clk 0:24:58]} Ke4 {[%clk 0:21:12]} 0-1

[Event "European Individual Chess Championship 2017"]
[Site "?"]
[Date "2017.06.08"]
[Round "9.35"]
[White "Kunin, Vitaly"]
[Black "Sjugirov, Sanan"]
[Result "1-0"]
[BlackElo "2654"]
[WhiteElo "2551"]
[LiveChessVersion "1.4.8"]

1. d4 {[%clk 1:30:56]} Nf6 {[%clk 1:30:47]} 2. c4 {[%clk 1:31:15]} e6
{[%clk 1:31:06]} 3. Nf3 {[%clk 1:31:35]} b6 {[%clk 1:31:14]} 4. a3
{[%clk 1:31:46]} Bb7 {[%clk 1:29:55]} 5. Nc3 {[%clk 1:31:54]} d5 {[%clk 1:29:57]}
6. cxd5 {[%clk 1:32:06]} Nxd5 {[%clk 1:30:15]} 7. Qc2 {[%clk 1:32:20]} Be7
{[%clk 1:29:15]} 8. e4 {[%clk 1:32:40]} Nxc3 {[%clk 1:29:36]} 9. bxc3
{[%clk 1:33:01]} O-O {[%clk 1:29:51]} 10. Bd3 {[%clk 1:33:21]} c5
{[%clk 1:29:41]} 11. O-O {[%clk 1:33:25]} cxd4 {[%clk 1:20:13]} 12. cxd4
{[%clk 1:33:44]} Qc8 {[%clk 1:20:38]} 13. Qe2 {[%clk 1:33:54]} Ba6
{[%clk 1:20:52]} 14. Rd1 {[%clk 1:34:13]} Bxd3 {[%clk 1:21:05]} 15. Rxd3
{[%clk 1:34:34]} Nd7 {[%clk 1:21:08]} 16. e5 {[%clk 1:34:13]} Re8
{[%clk 1:21:18]} 17. Bg5 {[%clk 1:33:27]} Nf8 {[%clk 1:21:36]} 18. Rad1
{[%clk 1:30:26]} Qc4 {[%clk 1:07:13]} 19. Bxe7 {[%clk 1:27:46]} Rxe7
{[%clk 1:07:37]} 20. Ng5 {[%clk 1:23:59]} Rc8 {[%clk 0:55:56]} 21. Ne4
{[%clk 1:24:03]} Qc6 {[%clk 0:25:57]} 22. Qg4 {[%clk 1:05:01]} Ng6
{[%clk 0:23:06]} 23. Nd6 {[%clk 0:57:27]} Rcc7 {[%clk 0:21:42]} 24. h4
{[%clk 0:56:53]} h5 {[%clk 0:17:22]} 25. Qg5 {[%clk 0:54:45]} Qc2
{[%clk 0:15:36]} 26. Ne4 {[%clk 0:49:29]} Qe2 {[%clk 0:14:39]} 27. Nf6+
{[%clk 0:48:20]} Kf8 {[%clk 0:13:32]} 28. R3d2 {[%clk 0:47:18]} Qa6
{[%clk 0:10:13]} 29. d5 {[%clk 0:45:47]} 1-0

[Event "European Individual Chess Championship 2017"]
[Site "?"]
[Date "2017.06.08"]
[Round "9.36"]
[White "Sargissian, Gabriel"]
[Black "Blomqvist, Erik"]
[Result "1-0"]
[BlackElo "2546"]
[WhiteElo "2650"]
[LiveChessVersion "1.4.8"]

1. Nf3 {[%clk 1:30:28]} d5 {[%clk 1:30:42]} 2. g3 {[%clk 1:30:22]} Nf6
{[%clk 1:30:45]} 3. Bg2 {[%clk 1:30:46]} e6 {[%clk 1:31:08]} 4. O-O
{[%clk 1:30:47]} Be7 {[%clk 1:31:31]} 5. d4 {[%clk 1:30:49]} O-O {[%clk 1:31:46]}
6. c4 {[%clk 1:30:58]} dxc4 {[%clk 1:31:53]} 7. Qc2 {[%clk 1:31:19]} a6
{[%clk 1:32:05]} 8. a4 {[%clk 1:31:16]} c5 {[%clk 1:32:13]} 9. dxc5
{[%clk 1:30:20]} Bxc5 {[%clk 1:32:34]} 10. Nbd2 {[%clk 1:29:33]} b5
{[%clk 1:32:39]} 11. Ng5 {[%clk 1:29:27]} Ra7 {[%clk 1:32:54]} 12. Nde4
{[%clk 1:29:26]} Nxe4 {[%clk 1:33:05]} 13. Nxe4 {[%clk 1:29:50]} Bb6
{[%clk 1:32:38]} 14. Bf4 {[%clk 1:29:07]} e5 {[%clk 1:32:15]} 15. Bxe5
{[%clk 1:26:55]} Nc6 {[%clk 1:27:37]} 16. Rfd1 {[%clk 0:48:56]} Rd7
{[%clk 1:25:48]} 17. Bd6 {[%clk 0:46:30]} Re8 {[%clk 0:59:42]} 18. e3
{[%clk 0:45:58]} Bb7 {[%clk 0:51:24]} 19. axb5 {[%clk 0:45:29]} axb5
{[%clk 0:51:21]} 20. Bc5 {[%clk 0:35:12]} Ne5 {[%clk 0:41:05]} 21. Bxb6
{[%clk 0:34:37]} Qxb6 {[%clk 0:34:32]} 22. Rxd7 {[%clk 0:33:40]} Nxd7
{[%clk 0:34:52]} 23. Qd2 {[%clk 0:33:32]} Ne5 {[%clk 0:23:39]} 24. Qd6
{[%clk 0:26:12]} Qd8 {[%clk 0:21:45]} 25. Ra7 {[%clk 0:23:48]} Bc6
{[%clk 0:17:41]} 26. Rc7 {[%clk 0:08:10]} Qa8 {[%clk 0:04:20]} 27. Nf6+
{[%clk 0:08:33]} gxf6 {[%clk 0:04:46]} 28. Bxc6 {[%clk 0:08:58]} Re6
{[%clk 0:03:56]} 29. Bxa8 {[%clk 0:08:47]} Rxd6 {[%clk 0:04:24]} 30. Rc5
{[%clk 0:08:27]} Rd1+ {[%clk 0:01:55]} 31. Kg2 {[%clk 0:08:25]} b4
{[%clk 0:01:37]} 32. Bd5 {[%clk 0:08:00]} Rd2 {[%clk 0:01:20]} 33. Bxc4
{[%clk 0:07:45]} Rxb2 {[%clk 0:01:46]} 34. Rc7 {[%clk 0:01:33]} b3
{[%clk 0:00:42]} 35. Bd5 {[%clk 0:01:48]} Rc2 {[%clk 0:00:40]} 36. Rb7
{[%clk 0:02:13]} b2 {[%clk 0:01:01]} 37. Be4 {[%clk 0:02:20]} Rd2
{[%clk 0:01:14]} 38. Kf1 {[%clk 0:02:04]} Ng4 {[%clk 0:00:33]} 39. Ke1
{[%clk 0:02:06]} Rd6 {[%clk 0:00:32]} 40. Rxb2 {[%clk 0:31:29]} Nxh2
{[%clk 0:30:33]} 41. f3 {[%clk 0:29:05]} f5 {[%clk 0:28:40]} 42. Bb7
{[%clk 0:27:14]} 1-0

[Event "European Individual Chess Championship 2017"]
[Site "?"]
[Date "2017.06.08"]
[Round "9.37"]
[White "Sadzikowski, Daniel"]
[Black "Swiercz, Dariusz"]
[Result "1/2-1/2"]
[BlackElo "2649"]
[WhiteElo "2548"]
[LiveChessVersion "1.4.8"]

1. e4 {[%clk 1:30:55]} c5 {[%clk 1:30:57]} 2. Nf3 {[%clk 1:31:20]} e6
{[%clk 1:31:23]} 3. d4 {[%clk 1:31:07]} cxd4 {[%clk 1:31:49]} 4. Nxd4
{[%clk 1:31:34]} Nc6 {[%clk 1:32:14]} 5. Nc3 {[%clk 1:31:08]} Qc7
{[%clk 1:32:40]} 6. Be2 {[%clk 1:31:08]} Nf6 {[%clk 1:32:51]} 7. Be3
{[%clk 1:29:22]} a6 {[%clk 1:25:55]} 8. O-O {[%clk 1:29:43]} Be7 {[%clk 1:26:23]}
9. f4 {[%clk 1:28:48]} d6 {[%clk 1:25:39]} 10. Kh1 {[%clk 1:27:45]} O-O
{[%clk 1:26:02]} 11. Qe1 {[%clk 1:26:20]} Nxd4 {[%clk 1:14:52]} 12. Bxd4
{[%clk 1:26:32]} b5 {[%clk 1:15:19]} 13. Qg3 {[%clk 1:26:09]} Bb7
{[%clk 1:12:00]} 14. a3 {[%clk 1:26:11]} Rad8 {[%clk 1:10:11]} 15. Rae1
{[%clk 1:20:44]} Rd7 {[%clk 1:07:03]} 16. Bd3 {[%clk 1:20:46]} Qd8
{[%clk 1:03:54]} 17. Qh3 {[%clk 1:18:05]} Ne8 {[%clk 0:32:54]} 18. Nd5
{[%clk 1:04:39]} h6 {[%clk 0:21:24]} 1/2-1/2

[Event "European Individual Chess Championship 2017"]
[Site "?"]
[Date "2017.06.08"]
[Round "9.38"]
[White "Danin, Alexandre"]
[Black "Edouard, Romain"]
[Result "1-0"]
[BlackElo "2640"]
[WhiteElo "2543"]
[LiveChessVersion "1.4.8"]

1. e4 {[%clk 1:30:57]} c5 {[%clk 1:30:20]} 2. Nf3 {[%clk 1:31:15]} d6
{[%clk 1:30:38]} 3. d4 {[%clk 1:31:38]} cxd4 {[%clk 1:31:05]} 4. Nxd4
{[%clk 1:31:55]} Nf6 {[%clk 1:31:30]} 5. f3 {[%clk 1:32:07]} Nc6 {[%clk 1:07:17]}
6. c4 {[%clk 1:31:42]} g6 {[%clk 0:52:01]} 7. Nc3 {[%clk 1:30:47]} Bg7
{[%clk 0:50:54]} 8. Be3 {[%clk 1:28:26]} O-O {[%clk 0:51:11]} 9. Qd2
{[%clk 1:28:31]} Nxd4 {[%clk 0:50:20]} 10. Bxd4 {[%clk 1:28:54]} Bd7
{[%clk 0:50:10]} 11. Be2 {[%clk 1:21:58]} Bc6 {[%clk 0:48:53]} 12. O-O
{[%clk 1:21:32]} Nd7 {[%clk 0:47:50]} 13. Be3 {[%clk 1:21:14]} a5
{[%clk 0:48:04]} 14. b3 {[%clk 1:21:37]} Nc5 {[%clk 0:48:13]} 15. Rab1
{[%clk 1:21:44]} e6 {[%clk 0:36:09]} 16. Rfd1 {[%clk 0:37:16]} Be5
{[%clk 0:36:16]} 17. Bf2 {[%clk 0:32:27]} Qf6 {[%clk 0:33:02]} 18. Rbc1
{[%clk 0:31:30]} Rfd8 {[%clk 0:30:15]} 19. Bf1 {[%clk 0:29:49]} b6
{[%clk 0:29:26]} 20. Be3 {[%clk 0:25:22]} Rd7 {[%clk 0:29:02]} 21. Bg5
{[%clk 0:23:05]} Qg7 {[%clk 0:29:14]} 22. Bh6 {[%clk 0:20:04]} Qf6
{[%clk 0:29:37]} 23. Bg5 {[%clk 0:18:30]} Qg7 {[%clk 0:30:02]} 24. Qe3
{[%clk 0:15:43]} Re8 {[%clk 0:25:34]} 25. Kh1 {[%clk 0:15:08]} f5
{[%clk 0:23:42]} 26. exf5 {[%clk 0:09:23]} gxf5 {[%clk 0:24:09]} 27. Bf4
{[%clk 0:09:48]} Red8 {[%clk 0:19:56]} 28. Ne2 {[%clk 0:08:50]} Bxf4
{[%clk 0:11:43]} 29. Qxf4 {[%clk 0:09:14]} Qg6 {[%clk 0:07:09]} 30. Ng3
{[%clk 0:06:33]} h6 {[%clk 0:06:13]} 31. Qe3 {[%clk 0:03:00]} Rg7
{[%clk 0:03:05]} 32. Ne2 {[%clk 0:00:59]} e5 {[%clk 0:02:56]} 33. Nc3
{[%clk 0:01:05]} f4 {[%clk 0:01:06]} 34. Qf2 {[%clk 0:01:34]} Kh8
{[%clk 0:01:15]} 35. Rd2 {[%clk 0:01:57]} Rf8 {[%clk 0:01:14]} 36. Rcd1
{[%clk 0:01:38]} Rf6 {[%clk 0:01:43]} 37. Bd3 {[%clk 0:01:19]} Nxd3
{[%clk 0:00:53]} 38. Rxd3 {[%clk 0:00:46]} e4 {[%clk 0:00:37]} 39. Nxe4
{[%clk 0:00:37]} Bxe4 {[%clk 0:01:05]} 40. fxe4 {[%clk 0:31:02]} Qxe4
{[%clk 0:31:20]} 41. Qf3 {[%clk 0:21:28]} Qg6 {[%clk 0:17:10]} 42. Rd4
{[%clk 0:21:02]} Rgf7 {[%clk 0:17:00]} 43. Re4 {[%clk 0:19:08]} Kh7
{[%clk 0:16:04]} 44. Rde1 {[%clk 0:16:59]} Qf5 {[%clk 0:14:21]} 45. a4
{[%clk 0:15:57]} h5 {[%clk 0:11:50]} 46. Re8 {[%clk 0:11:54]} h4 {[%clk 0:11:18]}
47. Qa8 {[%clk 0:06:02]} f3 {[%clk 0:08:57]} 48. Rh8+ {[%clk 0:06:03]} Kg6
{[%clk 0:09:26]} 49. Rxh4 {[%clk 0:03:47]} d5 {[%clk 0:03:49]} 50. Qxd5
{[%clk 0:01:47]} Qxd5 {[%clk 0:03:01]} 51. cxd5 {[%clk 0:02:16]} Re7
{[%clk 0:02:23]} 52. Rf1 {[%clk 0:02:29]} Re3 {[%clk 0:02:02]} 53. Rd4
{[%clk 0:00:52]} Rxb3 {[%clk 0:00:36]} 54. d6 {[%clk 0:00:35]} Rb2
{[%clk 0:00:37]} 55. gxf3 {[%clk 0:00:48]} Re6 {[%clk 0:00:44]} 56. Rg1+
{[%clk 0:00:34]} Kf5 {[%clk 0:00:54]} 57. Rd5+ {[%clk 0:00:37]} Kf4
{[%clk 0:00:46]} 58. Rd4+ {[%clk 0:00:35]} Kf5 {[%clk 0:00:38]} 59. Rd5+
{[%clk 0:01:02]} Kf4 {[%clk 0:01:06]} 60. d7 {[%clk 0:00:50]} Kxf3
{[%clk 0:00:38]} 61. Rd3+ {[%clk 0:00:39]} 1-0

[Event "European Individual Chess Championship 2017"]
[Site "?"]
[Date "2017.06.08"]
[Round "9.39"]
[White "Bluebaum, Matthias"]
[Black "Alonso Rosell, Alvar"]
[Result "1-0"]
[BlackElo "2536"]
[WhiteElo "2632"]
[LiveChessVersion "1.4.8"]

1. d4 {[%clk 1:30:57]} d5 {[%clk 1:30:55]} 2. c4 {[%clk 1:31:19]} dxc4
{[%clk 1:31:23]} 3. e4 {[%clk 1:31:30]} Nf6 {[%clk 1:31:40]} 4. e5
{[%clk 1:31:47]} Nd5 {[%clk 1:32:08]} 5. Bxc4 {[%clk 1:32:09]} Nb6
{[%clk 1:32:27]} 6. Bd3 {[%clk 1:31:45]} Nc6 {[%clk 1:32:52]} 7. Be3
{[%clk 1:31:43]} Nb4 {[%clk 1:33:19]} 8. Be4 {[%clk 1:32:08]} f5 {[%clk 1:33:40]}
9. a3 {[%clk 1:32:35]} N4d5 {[%clk 1:34:06]} 10. Bf3 {[%clk 1:33:01]} Nxe3
{[%clk 1:22:02]} 11. fxe3 {[%clk 1:33:25]} g6 {[%clk 1:22:25]} 12. Ne2
{[%clk 1:26:42]} Bh6 {[%clk 1:17:51]} 13. Qb3 {[%clk 1:21:41]} c6
{[%clk 1:16:36]} 14. Kf2 {[%clk 1:19:12]} a5 {[%clk 1:02:25]} 15. a4
{[%clk 1:18:17]} e6 {[%clk 1:00:34]} 16. Nbc3 {[%clk 1:11:04]} O-O
{[%clk 0:57:57]} 17. h4 {[%clk 1:09:34]} Ra6 {[%clk 0:50:35]} 18. g3
{[%clk 1:02:26]} Qe7 {[%clk 0:40:25]} 19. Nf4 {[%clk 0:56:14]} Qb4
{[%clk 0:36:34]} 20. Qc2 {[%clk 0:53:01]} Bxf4 21. gxf4 {[%clk 0:52:41]} Nd5
{[%clk 0:21:48]} 22. Na2 {[%clk 0:43:57]} Qe7 {[%clk 0:21:12]} 23. Rag1
{[%clk 0:41:00]} Rf7 {[%clk 0:06:35]} 24. h5 {[%clk 0:34:35]} Rg7
{[%clk 0:06:48]} 25. hxg6 {[%clk 0:32:01]} Rxg6 {[%clk 0:06:56]} 26. Rxg6+
{[%clk 0:23:01]} hxg6 {[%clk 0:07:24]} 27. Bxd5 {[%clk 0:16:33]} exd5
{[%clk 0:07:51]} 28. Kf3 {[%clk 0:16:57]} Be6 {[%clk 0:01:31]} 29. Qg2
{[%clk 0:16:26]} Qg7 {[%clk 0:00:46]} 30. Qg5 {[%clk 0:16:23]} Ra8
{[%clk 0:01:12]} 31. Rh6 {[%clk 0:16:08]} Kf7 {[%clk 0:00:48]} 32. Qh4
{[%clk 0:16:26]} Kg8 {[%clk 0:01:09]} 33. Nc1 {[%clk 0:16:29]} Bf7
{[%clk 0:00:33]} 34. Nd3 {[%clk 0:16:20]} b6 {[%clk 0:00:38]} 35. e6
{[%clk 0:14:48]} Be8 {[%clk 0:00:38]} 36. Ne5 {[%clk 0:15:05]} Ra7
{[%clk 0:00:34]} 37. Nf7 {[%clk 0:11:50]} Bxf7 {[%clk 0:00:32]} 38. Qd8+
{[%clk 0:11:51]} 1-0

[Event "European Individual Chess Championship 2017"]
[Site "?"]
[Date "2017.06.08"]
[Round "9.40"]
[White "Gorovets, Andrey"]
[Black "Lupulescu, Constantin"]
[Result "1/2-1/2"]
[BlackElo "2631"]
[WhiteElo "2524"]
[LiveChessVersion "1.4.8"]

1. d4 {[%clk 1:30:57]} d5 {[%clk 1:30:56]} 2. Bf4 {[%clk 1:31:00]} c5
{[%clk 1:30:51]} 3. e3 {[%clk 1:30:19]} cxd4 {[%clk 1:29:18]} 4. exd4
{[%clk 1:30:08]} Nc6 {[%clk 1:29:40]} 5. c3 {[%clk 1:28:26]} Bf5 {[%clk 1:29:49]}
6. Nf3 {[%clk 1:26:27]} e6 {[%clk 1:29:44]} 7. Qb3 {[%clk 1:26:23]} Qd7
{[%clk 1:28:37]} 8. Nbd2 {[%clk 1:11:58]} h6 {[%clk 1:18:26]} 9. Bb5
{[%clk 1:07:49]} Bd6 {[%clk 1:14:59]} 10. Ne5 {[%clk 1:05:31]} Qc7
{[%clk 1:10:02]} 11. c4 {[%clk 0:54:54]} f6 {[%clk 0:57:47]} 12. cxd5
{[%clk 0:35:31]} fxe5 {[%clk 0:51:56]} 13. dxc6 {[%clk 0:35:22]} bxc6
{[%clk 0:51:31]} 14. dxe5 {[%clk 0:30:11]} Bxe5 {[%clk 0:51:05]} 15. Bxc6+ Qxc6
{[%clk 0:50:53]} 16. Bxe5 {[%clk 0:29:12]} Qxg2 {[%clk 0:49:04]} 17. Qa4+
{[%clk 0:21:25]} Kf7 {[%clk 0:35:34]} 18. O-O-O {[%clk 0:21:46]} Nf6
{[%clk 0:34:53]} 19. Bxf6 {[%clk 0:20:24]} Kxf6 {[%clk 0:34:21]} 20. Qd4+
{[%clk 0:19:59]} Kf7 {[%clk 0:25:37]} 21. Rhg1 {[%clk 0:17:21]} Qc6+
{[%clk 0:24:02]} 22. Nc4 {[%clk 0:17:43]} g5 {[%clk 0:22:21]} 23. Qc3
{[%clk 0:17:15]} Kg8 {[%clk 0:22:02]} 24. Rd6 {[%clk 0:12:21]} Qe4
{[%clk 0:19:47]} 25. Rgd1 {[%clk 0:11:52]} Qf4+ {[%clk 0:11:23]} 26. Ne3
{[%clk 0:12:08]} Kh7 {[%clk 0:07:43]} 27. Rd7+ {[%clk 0:06:13]} Kg6
{[%clk 0:08:07]} 28. h4 {[%clk 0:06:27]} Rhg8 {[%clk 0:05:43]} 29. Rh1
{[%clk 0:04:02]} h5 {[%clk 0:05:10]} 30. Rd4 {[%clk 0:03:47]} Rgc8
{[%clk 0:03:37]} 31. Rxf4 {[%clk 0:03:56]} Rxc3+ {[%clk 0:04:03]} 32. bxc3
{[%clk 0:04:24]} gxf4 {[%clk 0:04:28]} 33. Rg1+ {[%clk 0:04:22]} Kf6
{[%clk 0:04:42]} 34. Nxf5 {[%clk 0:04:47]} exf5 {[%clk 0:03:41]} 35. Kd2
{[%clk 0:04:11]} Rb8 {[%clk 0:02:50]} 36. Kc2 {[%clk 0:03:12]} Re8
{[%clk 0:02:37]} 37. Rd1 {[%clk 0:02:28]} f3 {[%clk 0:02:16]} 38. Rd6+
{[%clk 0:01:32]} Ke5 {[%clk 0:02:18]} 39. Rd3 {[%clk 0:00:56]} Rg8
{[%clk 0:01:45]} 40. Rxf3 {[%clk 0:30:56]} Rg4 {[%clk 0:31:53]} 41. Re3+
{[%clk 0:30:17]} Kf4 {[%clk 0:24:19]} 42. c4 {[%clk 0:25:38]} Rxh4
{[%clk 0:22:09]} 43. c5 {[%clk 0:22:15]} Rh2 {[%clk 0:20:00]} 44. Re2
{[%clk 0:14:19]} Rg2 {[%clk 0:19:03]} 45. Kd3 {[%clk 0:13:20]} h4
{[%clk 0:12:11]} 46. c6 {[%clk 0:10:44]} Rg8 {[%clk 0:08:30]} 47. Re6
{[%clk 0:06:26]} Rh8 {[%clk 0:05:53]} 48. c7 {[%clk 0:06:15]} Rc8
{[%clk 0:05:50]} 49. Re7 {[%clk 0:05:26]} h3 {[%clk 0:05:28]} 50. Rh7
{[%clk 0:05:12]} h2 {[%clk 0:05:27]} 51. Rxh2 {[%clk 0:04:34]} Rxc7
{[%clk 0:05:53]} 52. Rh3 {[%clk 0:04:57]} Rb7 {[%clk 0:05:14]} 53. Kc2
{[%clk 0:05:18]} Re7 {[%clk 0:04:03]} 54. Kd2 {[%clk 0:05:32]} Rb7
{[%clk 0:04:24]} 55. Ra3 {[%clk 0:05:41]} Kg4 {[%clk 0:04:15]} 56. Ke2
{[%clk 0:03:45]} f4 {[%clk 0:03:52]} 57. Ra4 {[%clk 0:03:57]} Re7+
{[%clk 0:03:43]} 1/2-1/2